000 01576cam a2200301 4500
001 ##E130262
002 ##9025
008 050711n2005 000 0 eng u
020 _a1904829236
035 _a(Sirsi) u130262
041 0 _aeng
050 _a692.5
_c18
110 _aBuilding Cost Information Service
_91096
245 _aBCIS dilapidations price book
_b2005
260 _aLondon
_bBCIS
_c2005
300 _a328p. ; 21cm.
350 _a£125.00
505 _aPart 1: Background information to the structure and use of the price data and guidance.
505 _aPart 2: Key principles to Dilapidations, and the quantifying and preparing claims using schedules of dilapidations.
505 _aPart 3: Measured Rates for each Building Element generally set out for Removal; Cleaning, Repair and Reinstatement, and New Work
505 _aPart 4: General guidance and basis to the rates for labour, scaffolding and plant together with materials prices used in the Price Book. Information on the labour constants used in the Price Book is also provided.
505 _aPart 5: Further sources of supporting information on Dilapidations for practitioners.
520 _aAims to save time and minimise disputes associated with costing schedules of dilapidations. Provides cost data for dilapidations schedules for both residential and non-residential buildings.
590 _aIKA270905
690 _aBUILT ENVIRONMENT-QUANTITY SURVEYING-CONSTRUCTION COST ANALYSIS
690 _aBUILT ENVIRONMENT-BUILDING INSPECTION-DILAPIDATIONS SURVEYING
942 _n0
999 _c104416
_d104416